00824cam a2200241 a 4500999001500000001000500015003000900020005001700029008004100046020001600087020001800103040003800121082002000159100002100179245006900200260004100269300004100310504005100351650003100402700001900433942001200452952011800464 c2743d27438423BD-DhUAP20210130140319.0011213s1995 bg abf b f000 0 eng  a0500283885  a9780500283882 aBD-DhUAPcBD-DhUAPdBD-DhUAPbEng00a720.994 JAC223 aJackson, Davina. aAustralian architecture now /cDavina Jackson and Chris Johnson. aLondon : bThames & Hudson,cc2002. a264 pages :billustrations ;c29 cm. aIncludes bibliographical references and index. aArchitettura -- Australia. aJohnson, Chris 2ddccBK 00102ddc4070aUAPCLbUAPCLcGeneral Stacksd2020-02-27o720.994 JACp3010008423r2020-02-27t1w2020-02-27yBK